Quiz MHSC - trouve le joueur sur l'image - niveau facile (2020 - 2025) - Statistiques

Statistiques générales
  • Ce quiz a été pris 119 fois
  • Le résultat moyen est 11 sur 12
Statistiques - réponses
Par images Réponse % Correct
Savanier
99%
Wahi
97%
Delort
96%
Germain
96%
Khazri
96%
Cabella
95%
Lecomte
95%
Hilton
94%
Laborde
91%
Sakho
90%
Ferri
87%
Chotard
82%
Aucun quiz correspondant
Distribution des résultats
% des personnes avec chaque résultat
Percentile par nombre de réponses
Votre historique - résultats
Vous n’avez pas pris ce quiz